NCAA College Basketball Teams - Ten Minute Sprint - Statistics

General Stats
  • This quiz has been taken 195 times
  • The average score is 147 of 353
Answer Stats
Conference School % Correct
ACC North Carolina
88%
ACC Duke
85%
Big 12 Texas
83%
ACC Virginia
83%
ACC Clemson
81%
SEC Florida
81%
SEC Georgia
80%
Ivy League Harvard
80%
Big 12 Kansas
78%
ACC Miami
78%
Mid-American Miami of Ohio
78%
Big Ten Michigan
78%
ACC Virginia Tech
78%
Big 12 Texas Tech
76%
Pac 12 UCLA
76%
SEC Alabama
75%
SEC Kentucky
75%
Big Ten Michigan State
75%
Ivy League Pennsylvania
75%
Ivy League Yale
75%
Pac 12 Arizona
73%
Pac 12 Arizona State
73%
ACC Boston College
73%
ACC Florida State
73%
Big Ten Maryland
73%
ACC Georgia Tech
71%
Big Ten Penn State
71%
ACC Pittsburgh
71%
ACC NC State
69%
Mid-American Ohio
69%
ACC Syracuse
69%
Pac 12 California
68%
Big 12 Kansas State
68%
Big Ten Ohio State
68%
Ivy League Princeton
68%
SEC Tennessee
68%
SEC Texas A&M
68%
Pac 12 Colorado
66%
Pac 12 Washington
66%
American Athletic Connecticut
64%
Big Ten Illinois
64%
Big Ten Indiana
64%
Big Ten Iowa
64%
Pac 12 Oregon
64%
Pac 12 USC
64%
SEC Arkansas
63%
SEC Auburn
63%
SEC Missouri
63%
Big 12 Oklahoma
63%
Pac 12 Oregon State
63%
ACC Wake Forest
63%
Ivy League Columbia
61%
American Athletic Houston
61%
America East Maine
61%
Big Ten Minnesota
61%
Big 12 Oklahoma State
61%
Big Ten Rutgers
61%
Big 12 West Virginia
61%
Big 12 Baylor
59%
Ivy League Brown
59%
Ivy League Cornell
59%
Big East Georgetown
59%
Big 12 Iowa State
59%
American Athletic Memphis
59%
SEC Mississippi
59%
Big Ten Nebraska
59%
Big Ten Northwestern
59%
ACC Notre Dame
59%
Big Ten Purdue
59%
Big 12 TCU
59%
Pac 12 Utah
59%
ACC Louisville
58%
Southwestern Southern
58%
Pac 12 Washington State
58%
Big Ten Wisconsin
58%
Mountain West Air Force
56%
West Coast BYU
56%
Atlantic 10 Massachusetts
56%
Mountain West Nevada
56%
Summit North Dakota
56%
West Coast San Diego
56%
SEC South Carolina
56%
Pac 12 Stanford
56%
Mountain West UNLV
56%
Big East Villanova
56%
Big East Xavier
56%
American Athletic Central Florida
54%
Mountain West Colorado State
54%
SEC LSU
54%
Big Sky Montana
54%
Big East St. John's
54%
Mountain West Wyoming
54%
Patriot League Army
53%
American Athletic Cincinnati
53%
Ivy League Dartmouth
53%
SEC Mississippi State
53%
Patriot League Navy
53%
Summit North Dakota State
53%
Summit South Dakota
53%
Sun Belt Texas State
53%
Mountain West Utah State
53%
Mountain West Boise State
51%
Big East Creighton
51%
Sun Belt Georgia State
51%
West Coast Gonzaga
51%
Big Sky Idaho
51%
Mountain West New Mexico
51%
Big East Providence
51%
Summit South Dakota State
51%
SEC Vanderbilt
51%
America East Vermont
51%
Sun Belt Arkansas State
49%
Big East Butler
49%
Big East DePaul
49%
America East New Hampshire
49%
American Athletic SMU
49%
American Athletic Temple
49%
Conference USA UTEP
49%
Colonial Athletic Delaware
47%
Sun Belt Georgia Southern
47%
Big West Hawaii
47%
Missouri Valley Indiana State
47%
Missouri Valley Loyola Chicago
47%
Patriot League Loyola Maryland
47%
West Coast Loyola Marymount
47%
Big Sky Montana State
47%
Atlantic 10 Rhode Island
47%
Conference USA Rice
47%
Mountain West San Diego State
47%
Big East Seton Hall
47%
American Athletic Tulane
47%
American Athletic Tulsa
47%
Atlantic 10 George Mason
46%
Atlantic 10 George Washington
46%
Big East Marquette
46%
Western Athletic New Mexico State
46%
West Coast Portland
46%
Southwestern Alabama State
44%
Patriot League Boston University
44%
Mid-American Eastern Michigan
44%
Big Sky Idaho State
44%
Conference USA UTSA
44%
Atlantic 10 VCU
44%
Conference USA Western Kentucky
44%
Mid-American Western Michigan
44%
Mid-American Buffalo
42%
Missouri Valley Drake
42%
Metro Atlantic Iona
42%
Southwestern Jackson State
42%
Atlantic Sun Liberty
42%
West Coast San Francisco
42%
Mountain West San Jose State
42%
Atlantic 10 St. Louis
42%
Metro Atlantic St. Peter's
42%
America East Albany
41%
Mid-American Central Michigan
41%
Horizon League Cleveland State
41%
Atlantic 10 Dayton
41%
American Athletic East Carolina
41%
Atlantic Sun Jacksonville
41%
Ohio Valley Murray State
41%
Atlantic 10 Richmond
41%
American Athletic South Florida
41%
Conference USA UAB
41%
America East UMBC
41%
Missouri Valley Wichita State
41%
Conference USA Florida Intl.
39%
Missouri Valley Illinois State
39%
Conference USA Marshall
39%
Horizon League Northern Kentucky
39%
Big Sky Portland State
39%
West Coast St. Mary's
39%
Conference USA Florida Atlantic
37%
Mountain West Fresno State
37%
Summit IUPUI
37%
Sun Belt LA - Lafayette
37%
Metro Atlantic Manhattan
37%
Atlantic Sun NJIT
37%
Big Sky Northern Arizona
37%
Atlantic 10 St. Joseph's
37%
Patriot League American
36%
Big South Coastal Carolina
36%
Atlantic 10 Davidson
36%
Mid-Eastern Delaware State
36%
Ohio Valley Eastern Kentucky
36%
Western Athletic Grand Canyon
36%
Mid-Eastern Howard
36%
Sun Belt LA - Monroe
36%
Missouri Valley Missouri State
36%
Mid-American Northern Illinois
36%
Horizon League Oakland
36%
Sun Belt South Alabama
36%
Missouri Valley Southern Illinois
36%
Conference USA Southern Miss
36%
Ohio Valley Austin Peay
34%
Mid-American Ball State
34%
Mid-American Bowling Green
34%
Colonial Athletic Drexel
34%
Atlantic 10 Duquesne
34%
Colonial Athletic James Madison
34%
Conference USA Middle Tenn. State
34%
Colonial Athletic Northeastern
34%
Conference USA North Texas
34%
Southland Stephen F. Austin
34%
Mid-American Akron
32%
Southwestern Alabama A&M
32%
Patriot League Bucknell
32%
Patriot League Colgate
32%
Horizon League Detroit
32%
Mid-Eastern Florida A&M
32%
Atlantic Sun Florida Gulf Coast
32%
Ohio Valley Jacksonville State
32%
Mid-American Kent State
32%
Atlantic 10 La Salle
32%
Northeast Long Island
32%
Metro Atlantic Marist
32%
America East Mass-Lowell
32%
Western Athletic MO - Kansas City
32%
Big South NC - Asheville
32%
Colonial Athletic NC Wilmington
32%
Big Sky Northern Colorado
32%
Summit Purdue Fort Wayne
32%
Big Sky Sacramento State
32%
Mid-Eastern SC State
32%
Atlantic 10 St. Bonaventure
32%
Atlantic Sun Stetson
32%
Southwestern Texas Southern
32%
Big West UC Davis
32%
Big West CSU - Fullerton
31%
Ohio Valley Eastern Illinois
31%
America East Hartford
31%
Atlantic Sun Kennesaw State
31%
Patriot League Lafayette
31%
Summit Nebraska-Omaha
31%
Summit Oral Roberts
31%
West Coast Pepperdine
31%
Northeast St. Francis (NY)
31%
Northeast St. Francis (PA)
31%
Ohio Valley Tennessee State
31%
Mid-American Toledo
31%
Southern Virginia Military
31%
Horizon League WI - Green Bay
31%
Sun Belt Appalachian State
29%
Ohio Valley Belmont
29%
America East Binghamton
29%
Northeast Bryant
29%
Northeast Central Conn. St.
29%
Colonial Athletic Charleston
29%
Summit Denver
29%
Colonial Athletic Elon
29%
Missouri Valley Evansville
29%
Atlantic 10 Fordham
29%
Colonial Athletic Hofstra
29%
Conference USA Louisiana Tech
29%
Ohio Valley Morehead State
29%
Southern NC Greensboro
29%
Southland Northwestern State
29%
Conference USA Old Dominion
29%
Big South SC Upstate
29%
Western Athletic Seattle U
29%
Big West UC Irvine
29%
Big Sky Weber State
29%
Horizon League WI - Milwaukee
29%
Horizon League Wright State
29%
Southwestern Alcorn State
27%
Sun Belt AR - Little Rock
27%
Southern Citadel
27%
Big South Hampton
27%
Horizon League Illinois Chicago
27%
Patriot League Lehigh
27%
Metro Atlantic Monmouth
27%
Atlantic Sun North Alabama
27%
Missouri Valley Northern Iowa
27%
Metro Atlantic Rider
27%
Ohio Valley Tennessee Tech
27%
Southern Western Carolina
27%
Summit Western Illinois
27%
Southland Abilene Christian
25%
Southwestern Arkansas Pine Bluff
25%
Missouri Valley Bradley
25%
Big South Charleston Southern
25%
Conference USA Charlotte
25%
Southern E. Tennessee State
25%
Big Sky E. Washington
25%
Southern Furman
25%
Patriot League Holy Cross
25%
Southland Houston Baptist
25%
Mid-Eastern MD - Eastern Shore
25%
Southern Mercer
25%
Atlantic Sun North Florida
25%
West Coast Pacific
25%
Northeast Robert Morris
25%
Southland Sam Houston State
25%
West Coast Santa Clara
25%
Ohio Valley SIU - Edwardsville
25%
America East Stony Brook
25%
Southland TAMU Corpus Christi
25%
Sun Belt Texas Arlington
25%
Sun Belt Troy
25%
Colonial Athletic William & Mary
25%
Horizon League Youngstown State
25%
Big West Cal Poly
24%
Western Athletic CSU Bakersfield
24%
Metro Atlantic Fairfield
24%
Southwestern Grambling State
24%
Big South Longwood
24%
Northeast Merrimack
24%
Northeast Mount St. Mary's
24%
Southland New Orleans
24%
Metro Atlantic Niagara
24%
Mid-Eastern Norfolk State
24%
Southern Samford
24%
Metro Atlantic Siena
24%
Big Sky Southern Utah
24%
Ohio Valley Tennessee Martin
24%
Horizon League Valparaiso
24%
Big South Winthrop
24%
Southern Wofford
24%
Southland Central Arkansas
22%
Big West CSU - Northridge
22%
Northeast Fairleigh Dickinson
22%
Southwestern Miss. Valley State
22%
Mid-Eastern NC A&T
22%
Southwestern Prairie View A&M
22%
Northeast Sacred Heart
22%
Big West UC Riverside
22%
Big West UCSB
22%
Western Athletic Utah Valley
22%
Northeast Wagner
22%
Big South Campbell
20%
Mid-Eastern Coppin State
20%
Big South High Point
20%
Southland Lamar
20%
Atlantic Sun Lipscomb
20%
Southland SE Louisiana
20%
Ohio Valley SE Missouri State
20%
Colonial Athletic Towson
20%
Mid-Eastern Bethune-Cookman
19%
Metro Atlantic Canisius
19%
Southern Chattanooga
19%
Western Athletic Chicago State
19%
Southland Incarnate Word
19%
Big West Long Beach State
19%
Mid-Eastern NC Central
19%
Southland Nicholls State
19%
Metro Atlantic Quinnipiac
19%
Western Athletic TX - Rio Grande Valley
19%
Western Athletic California Baptist
17%
Southland McNeese State
17%
Big South Radford
17%
Mid-Eastern Morgan State
15%
Big South Presbyterian
15%
Big South Gardner-Webb
10%
No matching quizzes found
Score Distribution
Percent of People with Each Score
Percentile by Number Answered
Your Score History
You have not taken this quiz